Understanding a end times comprehensive prophecy approach / (Record no. 74614)

MARC details
000 -LEADER
fixed length control field 00629nam a22002057a 4500
003 - CONTROL NUMBER IDENTIFIER
control field PILC
005 - DATE AND TIME OF LATEST TRANSACTION
control field 20240320101936.0
008 - FIXED-LENGTH DATA ELEMENTS--GENERAL INFORMATION
fixed length control field 240320b |||||||| |||| 00| 0 eng d
010 ## - LIBRARY OF CONGRESS CONTROL NUMBER
LC control number Acc#48521
020 ## - INTERNATIONAL STANDARD BOOK NUMBER
International Standard Book Number 0802490778
040 ## - CATALOGING SOURCE
Transcribing agency Philippine Baptist Theological Seminary
050 ## - LIBRARY OF CONGRESS CALL NUMBER
Classification number BT 821.3
Item number B46 1995
100 ## - MAIN ENTRY--PERSONAL NAME
Personal name Benware, Paul N.
Relator term Author
245 ## - TITLE STATEMENT
Title Understanding a end times comprehensive prophecy approach /
264 ## - PRODUCTION, PUBLICATION, DISTRIBUTION, MANUFACTURE, AND COPYRIGHT NOTICE
Place of production, publication, distribution, manufacture Chicago :
Name of producer, publisher, distributor, manufacturer Moody Press,
Date of production, publication, distribution, manufacture, or copyright notice ©1995.
300 ## - PHYSICAL DESCRIPTION
Extent 344 pages ;
Dimensions 23 cm.
505 ## - FORMATTED CONTENTS NOTE
Formatted contents note Includes notes and bibliographical references.
700 ## - ADDED ENTRY--PERSONAL NAME
Personal name Foreword by Charles Ayaie
942 ## - ADDED ENTRY ELEMENTS (KOHA)
Source of classification or shelving scheme Library of Congress Classification
Koha item type Circulation Books
Holdings
Withdrawn status Lost status Source of classification or shelving scheme Damaged status Not for loan Home library Current library Shelving location Date acquired Source of acquisition Total Checkouts Full call number Barcode Date last seen Price effective from Koha item type
    Library of Congress Classification     PBTS Library PBTS Library Circulation Section 03/20/2024 Gift   BT 821.3 B46 1995 48521 03/17/2026 03/20/2024 Circulation Books

Philippine Baptist Theological Seminary | 19 Tacay Road, Central Guisad, Baguio City 2600, Philippines